[Event "Kilkenny Masters"]
[Site "Kilkenny"]
[Date "2013.11.23"]
[Round "2"]
[White "Jones, Gawain C B"]
[Black "Lokasto, Anatol"]
[Result "1-0"]
[WhiteElo "2645"]
[BlackElo "2224"]
[PlyCount "61"]
[EventDate "2013.11.22"]
[EventType "swiss"]
[EventRounds "6"]
[EventCountry "IRL"]
[SourceTitle "EXT 2015"]
[Source "ChessBase"]
[SourceDate "2014.11.20"]
[SourceVersion "1"]
[SourceVersionDate "2014.11.20"]
[SourceQuality "1"]

1. d4 Nf6 2. c4 g6 3. Nc3 Bg7 4. e4 d6 5. f3 0-0 6. Be3 Nc6 7. Nge2 a6 8. Qd2 Nd7 9. h4 Na5 10. Ng3 c5 11. h5 cxd4 12. Bxd4 Ne5 13. b3 b5 14. f4 Nac6 15. Bg1 b4 16. Na4 Ng4 17. 0-0-0 Rb8 18. hxg6 hxg6 19. Be2 Qc7 20. Rh4 Nf6 21. Be3 Rd8 22. Rdh1 e6 23. f5 Ne5 24. Bh6 Bh8 25. Bg5 Bg7 26. Qf4 Ned7 27. Bh6 Bh8 28. fxe6 fxe6 29. Bf8 Rxf8 30. Rxh8+ Kf7 31. R1h7+ 1-0

[Event "POL-chT Mazovia 06/07 op"]
[Site "Poland"]
[Date "2007.02.18"]
[Round "9.1"]
[White "Lokasto, Anatol"]
[Black "Sokolowski, Krzysztof1111"]
[Result "1/2-1/2"]
[WhiteElo "2248"]
[BlackElo "1892"]
[PlyCount "36"]
[EventDate "2006.10.22"]
[EventType "team-swiss"]
[EventRounds "10"]
[EventCountry "POL"]
[SourceTitle "EXT 2019"]
[Source "ChessBase"]
[SourceDate "2018.10.10"]
[SourceVersion "1"]
[SourceVersionDate "2018.10.10"]
[SourceQuality "1"]
[WhiteTeam "Warszawa KS Wesola"]
[BlackTeam "Lomza Devo Maraton"]
[WhiteTeamCountry "POL"]
[BlackTeamCountry "POL"]

1. e4 e5 2. Nf3 Nc6 3. Bc4 Bc5 4. c3 Nf6 5. d4 exd4 6. cxd4 Bb4+ 7. Nc3 Nxe4 8. 0-0 Bxc3 9. bxc3 d5 10. Bb5 0-0 11. Bxc6 bxc6 12. Ba3 Re8 13. Qd3 a5 14. Rfe1 Be6 15. Qc2 Qf6 16. Ne5 Qh6 17. f3 Qd2 18. Qxd2 Nxd2 1/2-1/2

[Event "POL-chT Mazovia 06/07 op"]
[Site "Poland"]
[Date "2007.01.21"]
[Round "7.1"]
[White "Mietek, Lukasz"]
[Black "Lokasto, Anatol"]
[Result "1/2-1/2"]
[WhiteElo "2041"]
[BlackElo "2248"]
[PlyCount "81"]
[EventDate "2006.10.22"]
[EventType "team-swiss"]
[EventRounds "10"]
[EventCountry "POL"]
[SourceTitle "EXT 2019"]
[Source "ChessBase"]
[SourceDate "2018.10.10"]
[SourceVersion "1"]
[SourceVersionDate "2018.10.10"]
[SourceQuality "1"]
[WhiteTeam "Legion Legionowo"]
[BlackTeam "Warszawa KS Wesola"]
[WhiteTeamCountry "POL"]
[BlackTeamCountry "POL"]

1. e4 c6 2. d4 g6 3. c4 Bg7 4. Nc3 d6 5. Nf3 Nf6 6. Be2 0-0 7. 0-0 Nbd7 8. Bg5 h6 9. Be3 e5 10. dxe5 dxe5 11. h3 Qe7 12. Qd2 Nc5 13. Bxh6 Ncxe4 14. Nxe4 Nxe4 15. Qe3 Bxh6 16. Qxh6 Qf6 17. Bd3 Nc5 18. Bc2 Re8 19. Rfe1 Bf5 20. Bxf5 Qxf5 21. Ng5 Qf6 22. Re3 Qg7 23. Qh4 f6 24. Ne4 Nxe4 25. Qxe4 Rad8 26. Rd3 f5 27. Qe2 e4 28. Rd2 c5 29. Rd5 Rxd5 30. cxd5 Qd7 31. Qc4 Qd6 32. Rc1 b6 33. a4 a5 34. Re1 Re5 35. Rd1 Kf7 36. h4 Re8 37. g3 Rd8 38. Qc1 Qf6 39. Qf4 Rd6 40. b3 Kg7 41. Kg2 1/2-1/2

[Event "POL-chT Mazovia 06/07 op"]
[Site "Poland"]
[Date "2006.11.05"]
[Round "2.5"]
[White "Lokasto, Anatol"]
[Black "Traczyk, Pawel"]
[Result "1-0"]
[WhiteElo "2248"]
[BlackElo "1842"]
[PlyCount "87"]
[EventDate "2006.10.22"]
[EventType "team-swiss"]
[EventRounds "10"]
[EventCountry "POL"]
[SourceTitle "EXT 2019"]
[Source "ChessBase"]
[SourceDate "2018.10.10"]
[SourceVersion "1"]
[SourceVersionDate "2018.10.10"]
[SourceQuality "1"]
[WhiteTeam "Warszawa KS Wesola"]
[BlackTeam "Warszawa Entropia III"]
[WhiteTeamCountry "POL"]
[BlackTeamCountry "POL"]

1. e4 e6 2. Nf3 d5 3. Nc3 Nf6 4. e5 Nfd7 5. d4 c5 6. Bb5 Nc6 7. Bxc6 bxc6 8. 0-0 cxd4 9. Qxd4 f5 10. exf6 Qxf6 11. Re1 Bc5 12. Qxf6 Nxf6 13. Na4 Bd6 14. Be3 Ne4 15. Nd2 Nxd2 16. Bxd2 0-0 17. Be3 Bc7 18. Nc5 e5 19. c3 Re8 20. b4 Bf5 21. f3 Rad8 22. Bf2 h6 23. a4 Rb8 24. Na6 Rb7 25. Nxc7 Rxc7 26. f4 e4 27. Bd4 Rb7 28. a5 a6 29. Kf2 Rf8 30. Ke3 Be6 31. Rf1 Rbf7 32. Bc5 Rb8 33. Kd4 Bf5 34. h3 h5 35. Rg1 Bd7 36. Bd6 Re8 37. Rae1 Rf6 38. Be5 Rg6 39. Re3 h4 40. g4 hxg3 41. Rexg3 Rxg3 42. Rxg3 Re7 43. Kc5 Kf8 44. Bd6 1-0

[Event "POL-chT Mazovia 06/07 op"]
[Site "Poland"]
[Date "2006.10.22"]
[Round "1.5"]
[White "Paziewski, Marcin"]
[Black "Lokasto, Anatol"]
[Result "0-1"]
[WhiteElo "1834"]
[BlackElo "2248"]
[PlyCount "58"]
[EventDate "2006.10.22"]
[EventType "team-swiss"]
[EventRounds "10"]
[EventCountry "POL"]
[SourceTitle "EXT 2019"]
[Source "ChessBase"]
[SourceDate "2018.10.10"]
[SourceVersion "1"]
[SourceVersionDate "2018.10.10"]
[SourceQuality "1"]
[WhiteTeam "Piastow Roszmeni"]
[BlackTeam "Warszawa KS Wesola"]
[WhiteTeamCountry "POL"]
[BlackTeamCountry "POL"]

1. d4 Nf6 2. c4 d6 3. Nc3 Nbd7 4. e4 g6 5. Nf3 Bg7 6. Be2 0-0 7. 0-0 e5 8. dxe5 dxe5 9. Bg5 h6 10. Bxf6 Bxf6 11. Qd2 Bg7 12. Rfd1 c6 13. b4 Qe7 14. c5 a5 15. a3 b5 16. Rac1 Re8 17. Qd6 Qxd6 18. Rxd6 axb4 19. axb4 Nb8 20. Nxb5 cxb5 21. Bxb5 Rf8 22. Bc4 Bb7 23. Bd5 Bxd5 24. exd5 e4 25. Nd2 Be5 26. Rb6 Bf4 27. g3 Bxd2 28. Rd1 e3 29. Kf1 Na6 0-1

[Event "Mazowieckie-chT 0506"]
[Site "Poland"]
[Date "2005.12.04"]
[Round "5"]
[White "Nojszewski, Adam"]
[Black "Lokasto, Anatol"]
[Result "0-1"]
[WhiteElo "2004"]
[BlackElo "2245"]
[PlyCount "94"]
[EventDate "2005.10.09"]
[EventType "team-tourn"]
[EventRounds "9"]
[EventCountry "POL"]
[SourceTitle "EXT 2019"]
[Source "ChessBase"]
[SourceDate "2018.10.10"]
[SourceVersion "1"]
[SourceVersionDate "2018.10.10"]
[SourceQuality "1"]

1. d4 Nf6 2. c4 c6 3. Nc3 d5 4. e3 g6 5. Qb3 e6 6. Nf3 Nbd7 7. Bd3 Bg7 8. Bd2 0-0 9. 0-0 dxc4 10. Bxc4 Nb6 11. Be2 Nfd7 12. Rfd1 a5 13. a4 e5 14. dxe5 Nxe5 15. Nxe5 Bxe5 16. Rac1 Be6 17. Qc2 Qe7 18. Be1 f5 19. f4 Bg7 20. Nb1 Nd5 21. Bd2 Nb4 22. Bxb4 Qxb4 23. Nd2 Qxb2 24. Qxb2 Bxb2 25. Rb1 Bc3 26. Rxb7 Rad8 27. Nf3 Rxd1+ 28. Bxd1 Rd8 29. Bb3 Bxb3 30. Rxb3 Bb4 31. Ne5 c5 32. Nc4 Rd1+ 33. Kf2 Rc1 34. Ne5 c4 35. Rb2 Kg7 36. Ra2 Kf6 37. h3 Ke6 38. Nf3 Kd5 39. Nd4 Ke4 40. Ne2 Be1+ 41. Kf1 Rb1 42. Rc2 Bd2+ 43. Kf2 Bxe3+ 44. Kg3 Kd3 45. Ra2 c3 46. Kf3 Rf1+ 47. Kg3 c2 0-1

[Event "NATO-ch 14th"]
[Site "Hoevelte"]
[Date "2003.09.11"]
[Round "5"]
[White "Borchgrevink, Harald"]
[Black "Lokasto, Anatol"]
[Result "1/2-1/2"]
[WhiteElo "2197"]
[BlackElo "2231"]
[PlyCount "97"]
[EventDate "2003.09.08"]
[EventType "swiss"]
[EventRounds "7"]
[EventCountry "DEN"]
[SourceTitle "CBM 096 Extra"]
[Source "ChessBase"]
[SourceDate "2003.10.22"]
[SourceVersion "2"]
[SourceVersionDate "2003.10.20"]
[SourceQuality "1"]

1. d4 d6 2. c4 Nd7 3. e4 e5 4. d5 Nc5 5. f3 f5 6. b4 Na6 7. Nc3 Nf6 8. Bd3 f4 9. g3 Nh5 10. Nge2 Be7 11. Qb3 Bh3 12. gxf4 Bh4+ 13. Kd1 exf4 14. Kc2 0-0 15. Bb2 Bf6 16. Rhg1 Kh8 17. Nd1 c5 18. b5 Nb8 19. Nf2 Bc8 20. Ng4 Bxb2 21. Qxb2 Nd7 22. e5 dxe5 23. Nxe5 Qf6 24. Nxd7 Qxb2+ 25. Kxb2 Bxd7 26. Nc3 Nf6 27. Rae1 Rae8 28. a4 a5 29. bxa6 bxa6 30. Ka3 Kg8 31. Be4 Rb8 32. Rb1 a5 33. Rxb8 Rxb8 34. Re1 Kf7 35. Bd3 Re8 36. Rxe8 Kxe8 37. Ne2 g5 38. Nc1 g4 39. fxg4 Bxg4 40. Bf1 Ne4 41. Kb2 f3 42. Kc2 Bf5 43. Kd1 Bd7 44. Ke1 Bxa4 45. Bd3 Nf6 46. Kf2 Bd1 47. Ke1 Ba4 48. Kf2 Ng8 49. Bf1 1/2-1/2

[Event "NATO-ch 14th"]
[Site "Hoevelte"]
[Date "2003.09.10"]
[Round "3"]
[White "Nielsen, Jan Mose"]
[Black "Lokasto, Anatol"]
[Result "0-1"]
[WhiteElo "2111"]
[BlackElo "2231"]
[PlyCount "60"]
[EventDate "2003.09.08"]
[EventType "swiss"]
[EventRounds "7"]
[EventCountry "DEN"]
[SourceTitle "CBM 096 Extra"]
[Source "ChessBase"]
[SourceDate "2003.10.22"]
[SourceVersion "2"]
[SourceVersionDate "2003.10.20"]
[SourceQuality "1"]

1. d4 d5 2. c4 c6 3. Nf3 Nf6 4. Nc3 dxc4 5. a4 Bg4 6. Ne5 Bh5 7. Nxc4 e6 8. Qb3 b6 9. Bg5 Be7 10. Rd1 0-0 11. Bxf6 Bxf6 12. g4 Bxg4 13. Ne4 Be7 14. Qg3 Bb4+ 15. Nc3 Bf5 16. Rg1 g6 17. h4 Be4 18. h5 Nd7 19. hxg6 fxg6 20. Nd2 Nf6 21. Qe5 Bd5 22. e4 Nxe4 23. Ndxe4 Rf5 24. Qg3 Bxe4 25. Bc4 Bd5 26. Bd3 Rf7 27. Kf1 Bxc3 28. bxc3 Qf6 29. Re1 Raf8 30. Re2 c5 0-1

[Event "Warsaw Cup"]
[Site "Warsaw"]
[Date "1999.??.??"]
[Round "?"]
[White "Lokasto, Anatol"]
[Black "Nurkiewicz, Maciej"]
[Result "1/2-1/2"]
[WhiteElo "2310"]
[BlackElo "2330"]
[PlyCount "99"]
[EventDate "1999.??.??"]
[EventType "swiss"]
[EventRounds "4"]
[EventCountry "POL"]
[SourceTitle "EXT 2004"]
[Source "ChessBase"]
[SourceDate "2003.11.25"]
[SourceVersion "1"]
[SourceVersionDate "2003.11.25"]
[SourceQuality "1"]

1. e4 e5 2. Bc4 Nf6 3. d3 Bc5 4. Nc3 Nc6 5. f4 d6 6. Nf3 a6 7. Nd5 Nxd5 8. Bxd5 Bd7 9. c3 Qe7 10. f5 g6 11. fxg6 hxg6 12. Qe2 Be6 13. Bxe6 Qxe6 14. Be3 Bxe3 15. Qxe3 0-0-0 16. Ng5 Qe7 17. 0-0-0 f6 18. Nf3 d5 19. Rhe1 d4 20. Qe2 Qc5 21. Qc2 Qa5 22. Kb1 Rd6 23. a3 dxc3 24. Qxc3 Qb6 25. Re2 Rhd8 26. Ka2 Qb5 27. Red2 f5 28. Ng5 R8d7 29. Qb3 Qxb3+ 30. Kxb3 Nd4+ 31. Ka2 Rc6 32. exf5 gxf5 33. Re1 Rc5 34. Rf2 Rg7 35. h4 Kd7 36. Nf3 Nxf3 37. Rxf3 Rxg2 38. Rxf5 Ke6 39. Rf8 Rb5 40. Rb1 Rd2 41. h5 Rxd3 42. h6 Rh3 43. Rh8 Rd5 44. h7 Kf7 45. Rg1 Rd7 46. Rb8 Rxh7 47. Rxb7 e4 48. Re1 Re7 49. Rb4 Rh4 50. Ra4 1/2-1/2

[Event "Krynica op"]
[Site "Krynica"]
[Date "1995.??.??"]
[Round "4"]
[White "Izdebska, Maja"]
[Black "Lokasto, Anatol"]
[Result "1-0"]
[WhiteElo "2070"]
[BlackElo "2335"]
[PlyCount "130"]
[EventDate "1995.??.??"]
[EventType "swiss"]
[EventRounds "9"]
[EventCountry "POL"]
[SourceTitle "EXT 2004"]
[Source "ChessBase"]
[SourceDate "2003.11.25"]
[SourceVersion "1"]
[SourceVersionDate "2003.11.25"]
[SourceQuality "1"]

1. Nf3 Nf6 2. g3 g6 3. Bg2 Bg7 4. 0-0 0-0 5. d3 Nc6 6. e4 d5 7. e5 Nd7 8. d4 Nb6 9. c3 a5 10. a4 Nb8 11. b3 Na6 12. Ba3 Re8 13. Ne1 Bf5 14. g4 Bxb1 15. Rxb1 e6 16. Nd3 Bf8 17. Bxf8 Rxf8 18. f4 f5 19. gxf5 gxf5 20. Kh1 Kh8 21. Qh5 Qe7 22. Nf2 Qf7 23. Qh4 Rg8 24. Bf3 Rg7 25. Nh3 Rag8 26. Ng5 Qe7 27. Rg1 Nd7 28. Rg3 Nf8 29. Bh5 Ng6 30. Bxg6 Rxg6 31. Rbg1 c5 32. Rh3 R8g7 33. Qh5 Kg8 34. Rgg3 h6 35. Nf3 Qf7 36. Ng5 Qe7 37. Ne4 Rxg3 38. Nxg3 cxd4 39. cxd4 Nc7 40. Qxh6 Qb4 41. Qh8+ Kf7 42. Qh5+ Ke7 43. Qd1 Na6 44. Rh8 Qc3 45. Qh5 Qe1+ 46. Kg2 Qe4+ 47. Kh3 Rxg3+ 48. Kxg3 Qe1+ 49. Kg2 Qd2+ 50. Kf3 Qd1+ 51. Kf2 Qd2+ 52. Qe2 Qxf4+ 53. Kg2 Qxd4 54. Rh7+ Kd8 55. Rxb7 Nc5 56. Rg7 Nd3 57. Kh1 Nxe5 58. Qc2 Nd7 59. Rg1 Ke7 60. Qc1 Qe4+ 61. Rg2 f4 62. Kg1 Kd6 63. Qf1 Nc5 64. Re2 Qf5 65. Qf3 e5 1-0

[Event "Krynica op"]
[Site "Krynica"]
[Date "1995.??.??"]
[Round "1"]
[White "Lokasto, Anatol"]
[Black "Iwaniuk, Dorota"]
[Result "1/2-1/2"]
[WhiteElo "2335"]
[BlackElo "2075"]
[PlyCount "99"]
[EventDate "1995.??.??"]
[EventType "swiss"]
[EventRounds "9"]
[EventCountry "POL"]
[SourceTitle "EXT 2004"]
[Source "ChessBase"]
[SourceDate "2003.11.25"]
[SourceVersion "1"]
[SourceVersionDate "2003.11.25"]
[SourceQuality "1"]

1. e4 c5 2. Nf3 d6 3. b3 Nf6 4. Nc3 e6 5. Bb2 Be7 6. g3 0-0 7. Bg2 Nc6 8. d4 cxd4 9. Nxd4 Bd7 10. 0-0 Nxd4 11. Qxd4 e5 12. Qd3 Bc6 13. Rfd1 Qb6 14. a4 Ng4 15. Qe2 f5 16. a5 Qd8 17. exf5 Nh6 18. g4 Bxg2 19. Kxg2 Bh4 20. h3 g6 21. Bc1 Bg5 22. Bxg5 Qxg5 23. Qe3 Qxe3 24. fxe3 gxf5 25. Nb5 fxg4 26. Nxd6 gxh3+ 27. Kg3 Nf5+ 28. Nxf5 Rxf5 29. Rg1 Rc8 30. Kxh3+ Kf7 31. c4 Rd8 32. Rad1 Rxd1 33. Rxd1 Ke6 34. Kg2 Rf7 35. e4 a6 36. Rh1 Kd6 37. b4 Rf4 38. Rh6+ Kc7 39. Rxh7+ Kc8 40. b5 Rxe4 41. bxa6 bxa6 42. Ra7 Rxc4 43. Rxa6 Ra4 44. Kf3 Kb7 45. Rb6+ Ka7 46. Rb5 e4+ 47. Kf4 Ka6 48. Re5 Rxa5 49. Rxa5+ Kxa5 50. Kxe4 1/2-1/2

[Event "Krynica op"]
[Site "Krynica"]
[Date "1995.??.??"]
[Round "7"]
[White "Rosenbeiger, Alan"]
[Black "Lokasto, Anatol"]
[Result "0-1"]
[WhiteElo "2145"]
[BlackElo "2335"]
[PlyCount "74"]
[EventDate "1995.??.??"]
[EventType "swiss"]
[EventRounds "9"]
[EventCountry "POL"]
[SourceTitle "EXT 2004"]
[Source "ChessBase"]
[SourceDate "2003.11.25"]
[SourceVersion "1"]
[SourceVersionDate "2003.11.25"]
[SourceQuality "1"]

1. d4 Nf6 2. c4 d6 3. Nc3 Nbd7 4. e4 g6 5. Nf3 e5 6. d5 Nc5 7. Qc2 a5 8. Be2 Be7 9. 0-0 Nh5 10. Be3 b6 11. Nd2 Ng7 12. a3 Na6 13. Rab1 f5 14. f3 f4 15. Bf2 Nh5 16. b4 axb4 17. axb4 0-0 18. Qb3 Bh4 19. Qb2 Bg3 20. Bxg3 fxg3 21. hxg3 Nxg3 22. Rfd1 Nb8 23. Ra1 Rxa1 24. Rxa1 Qg5 25. Nf1 Bh3 26. Bd1 Nh5 27. Qf2 Bc8 28. Ne2 Na6 29. Rb1 Nb8 30. Ra1 Nd7 31. Neg3 Nf4 32. Ne3 Nd3 33. Qd2 Nxb4 34. Qxb4 Qxe3+ 35. Kf1 Qd4 36. Rb1 Nc5 37. Bc2 Ba6 0-1

[Event "Moscow3"]
[Site "Moscow"]
[Date "1992.??.??"]
[Round "?"]
[White "Arbakov, Valentin"]
[Black "Lokasto, Anatol"]
[Result "0-1"]
[WhiteElo "2450"]
[BlackElo "2325"]
[PlyCount "52"]
[EventDate "1992.??.??"]
[EventType "tourn"]
[EventRounds "13"]
[EventCountry "RUS"]
[EventCategory "8"]
[SourceTitle "EXT 1997"]
[Source "ChessBase"]
[SourceDate "1996.11.15"]
[SourceVersion "1"]
[SourceVersionDate "1996.11.15"]
[SourceQuality "1"]

1. d4 Nf6 2. c4 d6 3. Nc3 e5 4. Nf3 e4 5. Ng5 Bf5 6. Qc2 g6 7. Ngxe4 Nxe4 8. Nxe4 Qe7 9. f3 Bxe4 10. Qxe4 Qxe4 11. fxe4 Bg7 12. e3 c5 13. e5 cxd4 14. exd6 Nc6 15. c5 0-0 16. Bb5 Rfe8 17. 0-0 dxe3 18. Bc4 e2 19. Re1 Nd4 20. Bd3 Re5 21. Bf4 Rxc5 22. Kf2 Rd8 23. Rac1 Rd5 24. Bxe2 Rf5 25. Kg3 Rxf4 26. Kxf4 Bh6+ 0-1

[Event "Moscow3"]
[Site "Moscow"]
[Date "1992.??.??"]
[Round "?"]
[White "Lokasto, Anatol"]
[Black "Miezis, Normunds"]
[Result "0-1"]
[WhiteElo "2325"]
[BlackElo "2350"]
[PlyCount "92"]
[EventDate "1992.??.??"]
[EventType "tourn"]
[EventRounds "13"]
[EventCountry "RUS"]
[EventCategory "8"]
[SourceTitle "EXT 1997"]
[Source "ChessBase"]
[SourceDate "1996.11.15"]
[SourceVersion "1"]
[SourceVersionDate "1996.11.15"]
[SourceQuality "1"]

1. e4 c5 2. Nf3 e6 3. Nc3 a6 4. d4 cxd4 5. Nxd4 Qc7 6. g3 Bb4 7. Nde2 Nf6 8. Bg2 Nc6 9. 0-0 d6 10. b3 Bc5 11. Bb2 b5 12. h3 Bb7 13. Qd2 Ne5 14. a3 h5 15. Nf4 Qe7 16. Nd3 Bd4 17. Rfe1 Rc8 18. Nd1 Bxb2 19. N1xb2 Qc7 20. Nxe5 dxe5 21. c4 0-0 22. Rac1 Rfd8 23. Qe3 Qb8 24. cxb5 axb5 25. f3 Rd4 26. Rxc8+ Qxc8 27. Rc1 Qd8 28. Bf1 b4 29. a4 h4 30. g4 Nd7 31. Bd3 Nf8 32. Bc4 Ng6 33. Nd3 Qd6 34. Rc2 Ba6 35. Bxa6 Qxa6 36. Nf2 Nf4 37. Rd2 g5 38. Rxd4 exd4 39. Qd2 Qd6 40. Kf1 d3 41. Nxd3 Qxd3+ 42. Qxd3 Nxd3 43. a5 Nc5 44. Ke2 Kf8 45. Ke3 Ke7 46. f4 Kd6 0-1

[Event "Alushta"]
[Site "Alushta"]
[Date "1992.??.??"]
[Round "6"]
[White "Lokasto, Anatol"]
[Black "Naumkin, Igor"]
[Result "1/2-1/2"]
[WhiteElo "2330"]
[BlackElo "2430"]
[PlyCount "23"]
[EventDate "1992.??.??"]
[EventType "tourn"]
[EventRounds "10"]
[EventCountry "UKR"]
[EventCategory "8"]
[SourceTitle "EXT 1997"]
[Source "ChessBase"]
[SourceDate "1996.11.15"]
[SourceVersion "1"]
[SourceVersionDate "1996.11.15"]
[SourceQuality "1"]

1. e4 e6 2. d4 d5 3. Nd2 c5 4. Ngf3 cxd4 5. exd5 Qxd5 6. Bc4 Qd6 7. 0-0 Nf6 8. Nb3 Nc6 9. Nbxd4 Nxd4 10. Qxd4 Qxd4 11. Nxd4 a6 12. Bf4 1/2-1/2

[Event "Alushta"]
[Site "Alushta"]
[Date "1992.??.??"]
[Round "8"]
[White "Lokasto, Anatol"]
[Black "Onischuk, Alexander"]
[Result "0-1"]
[WhiteElo "2330"]
[BlackElo "2375"]
[PlyCount "198"]
[EventDate "1992.??.??"]
[EventType "tourn"]
[EventRounds "10"]
[EventCountry "UKR"]
[EventCategory "8"]
[SourceTitle "EXT 1997"]
[Source "ChessBase"]
[SourceDate "1996.11.15"]
[SourceVersion "1"]
[SourceVersionDate "1996.11.15"]
[SourceQuality "1"]

1. e4 e5 2. Bc4 Nf6 3. d3 c6 4. Nf3 d5 5. Bb3 Bd6 6. exd5 cxd5 7. 0-0 0-0 8. h3 e4 9. dxe4 dxe4 10. Nd4 Nc6 11. Nxc6 bxc6 12. Re1 Qe7 13. Qe2 Re8 14. Nd2 Qe5 15. Nf1 a5 16. a4 Nd5 17. c3 Bf5 18. Rd1 Be6 19. Bxd5 Bxd5 20. c4 Be6 21. Be3 c5 22. b3 Be7 23. Qc2 f5 24. Bd2 Bf6 25. Rac1 f4 26. Bc3 Qxc3 27. Qxc3 Bxc3 28. Rxc3 Rad8 29. Re1 Bf5 30. h4 h6 31. h5 Bg4 32. g3 f3 33. Ne3 Bxh5 34. Nd5 Bf7 35. Rce3 Bxd5 36. cxd5 Rxd5 37. Rxf3 Ree5 38. Rfe3 Rd4 39. f3 Rb4 40. fxe4 c4 41. bxc4 Rxc4 42. Kf2 Rxa4 43. Kf3 Rb4 44. Rc1 a4 45. Rc8+ Kf7 46. Ra8 Kf6 47. Ra6+ Kf7 48. Re2 Rc4 49. Re3 h5 50. Kf4 Re6 51. Ra5 Kg6 52. Rg5+ Kh6 53. Ra5 Rb4 54. Kf3 Rf6+ 55. Ke2 Rb2+ 56. Kd3 Rb3+ 57. Ke2 Rg6 58. Rxa4 Rxg3 59. Rxg3 Rxg3 60. Ra5 g6 61. Kf2 Rg5 62. Ra1 Rb5 63. Re1 Kg5 64. Ke3 h4 65. Kf3 Rb3+ 66. Kf2 Kf6 67. e5+ Ke6 68. Rg1 Kf5 69. Re1 Rb6 70. Kg2 Re6 71. Rf1+ Kg5 72. Re1 Kf4 73. Rf1+ Ke4 74. Kh3 g5 75. Kg4 Rxe5 76. Rd1 Ra5 77. Re1+ Kd4 78. Rd1+ Ke3 79. Rf1 Ke2 80. Rf8 Re5 81. Rf7 Ke1 82. Rf3 Rd5 83. Rf8 Rd2 84. Rf3 Rg2+ 85. Kh3 Rg1 86. Kh2 Rg4 87. Kh3 Rf4 88. Ra3 Kf2 89. Ra2+ Ke3 90. Rg2 Rf3+ 91. Kg4 Ke4 92. Rg1 Re3 93. Rg2 Ke5 94. Rg1 Kf6 95. Rg2 Kg6 96. Rg1 Re4+ 97. Kf3 Rf4+ 98. Ke3 Kh5 99. Ra1 Rf8 0-1

[Event "Moscow3"]
[Site "Moscow"]
[Date "1992.??.??"]
[Round "?"]
[White "Lokasto, Anatol"]
[Black "Polovodin, Igor A"]
[Result "1/2-1/2"]
[WhiteElo "2325"]
[BlackElo "2460"]
[PlyCount "51"]
[EventDate "1992.??.??"]
[EventType "tourn"]
[EventRounds "13"]
[EventCountry "RUS"]
[EventCategory "8"]
[SourceTitle "EXT 1997"]
[Source "ChessBase"]
[SourceDate "1996.11.15"]
[SourceVersion "1"]
[SourceVersionDate "1996.11.15"]
[SourceQuality "1"]

1. e4 c5 2. b3 Nc6 3. Bb2 d6 4. Nf3 e5 5. Bc4 Be7 6. 0-0 Nf6 7. Nc3 0-0 8. h3 Nd4 9. Re1 a6 10. a4 Be6 11. Ng5 Bd7 12. Nf3 b5 13. Bf1 Bc6 14. axb5 axb5 15. Rxa8 Qxa8 16. d3 Ne8 17. Nxd4 cxd4 18. Ne2 g6 19. f4 Ng7 20. c3 dxc3 21. Bxc3 Qa7+ 22. Kh1 f5 23. fxe5 fxe4 24. Nd4 Qc5 25. Nxc6 Qxc6 26. Bb4 1/2-1/2

[Event "Moscow3"]
[Site "Moscow"]
[Date "1992.??.??"]
[Round "?"]
[White "Lokasto, Anatol"]
[Black "Rausis, Igors"]
[Result "0-1"]
[WhiteElo "2325"]
[BlackElo "2460"]
[PlyCount "52"]
[EventDate "1992.??.??"]
[EventType "tourn"]
[EventRounds "13"]
[EventCountry "RUS"]
[EventCategory "8"]
[SourceTitle "EXT 1997"]
[Source "ChessBase"]
[SourceDate "1996.11.15"]
[SourceVersion "1"]
[SourceVersionDate "1996.11.15"]
[SourceQuality "1"]

1. e4 e5 2. Nf3 Nc6 3. Bb5 a6 4. Bxc6 dxc6 5. Nc3 Qd6 6. d3 Ne7 7. 0-0 Bg4 8. h3 Bd7 9. Be3 0-0-0 10. Qe1 c5 11. Nd2 Nc6 12. f4 Nd4 13. Nc4 Qe6 14. Qf2 f6 15. Nd5 b6 16. c3 Nc6 17. a3 Ne7 18. fxe5 Nxd5 19. exd5 Qxd5 20. exf6 gxf6 21. Qxf6 Bxh3 22. Qg5 Bxg2 23. Qxd5 Bxd5 24. Kf2 Re8 25. Rae1 Be7 26. Bf4 Bh4+ 0-1